000 00372nam a2200109 4500
999 _c15095
_d15095
008 200304b ||||| |||| 00| 0 eng d
245 _aLegislation needed to boost healthcare efficiency embracing telehealth: standardization and payment.
260 _aPhilippines;
_bManila Bulletin,
_c©2019.
300 _apage C-2;
_c29.5cm.
650 _aHealth.
_941817
942 _2ddc
_cPER